书目信息 |
| 题名: |
全球视角中的城市经济
|
|
| 作者: | 保罗·贝尔琴 , 戴维·艾萨克 , 吉恩·陈 著 ;刘书瀚 , 孙钰 译 | |
| 分册: | ||
| 出版信息: | 长春 吉林人民出版社 2011.1 |
|
| 页数: | 374页 | |
| 开本: | 24cm | |
| 丛书名: | 人文译丛 | |
| 单 册: | ||
| 中图分类: | F299.1 | |
| 科图分类: | ||
| 主题词: | 城市经济--研究--世界 , 城市经济 | |
| 电子资源: | ||
| ISBN: | 978-7-206-07166-9 | |
| 000 | 01266oam2 2200325 45 | |
| 001 | 1338878328 | |
| 005 | 20130513172710.29 | |
| 010 | @a978-7-206-07166-9@dCNY44.00 | |
| 100 | @a20130108d2011 em y0chiy0110 ea | |
| 101 | 1 | @achi@ceng |
| 102 | @aCN@b220000 | |
| 105 | @aak z 000yy | |
| 106 | @ar | |
| 200 | 1 | @a全球视角中的城市经济@AQuan Qiu Shi Jiao Zhong De Cheng Shi Jing Ji@f(英)保罗·贝尔琴,(英)戴维·艾萨克,(英)吉恩·陈著@F( Ying ) Bao Luo· Bei Er Qin, ( Ying ) Dai Wei· Ai Sa Ke, ( Ying ) Ji En· Chen Zhu@g刘书瀚,孙钰等译 |
| 205 | @a2版 | |
| 210 | @a长春@c吉林人民出版社@d2011.1 | |
| 215 | @a374页@c图@d24cm | |
| 225 | 2 | @a人文译丛 |
| 330 | @a本书是一本发展经济学、环境学、地理学、房地产投资与开发学和城市规划学等专业学生的必备读物。城市经济学20世纪初从新古典经济学分离出来,发展至今已经成为一门独立的学科。 | |
| 461 | 0 | @12001 @a人文译丛 |
| 606 | 0 | @a城市经济@x研究@y世界 |
| 606 | 0 | @a城市经济 |
| 690 | @aF299.1@v5 | |
| 701 | 0 | @c(英)@a保罗·贝尔琴@ABao Luo· Bei Er Qin@4著 |
| 701 | 0 | @c(英)@a戴维·艾萨克@ADai Wei· Ai Sa Ke@4著 |
| 701 | 0 | @c(英)@a吉恩·陈@AJi En· Chen@4著 |
| 702 | 0 | @a刘书瀚@ALiu Shu Han@4译 |
| 702 | 0 | @a孙钰@ASun Yu@4译 |
| 801 | @aCN@bTANGWEI@c20130108 | |
| 905 | @b0829011-15@dF299.1@e946=2@f5 | |
| 全球视角中的城市经济/(英)保罗·贝尔琴,(英)戴维·艾萨克,(英)吉恩·陈著/刘书瀚,孙钰等译.-2版.-长春:吉林人民出版社,2011.1 |
| 374页:图;24cm.-(人文译丛) |
| ISBN 978-7-206-07166-9:CNY44.00 |
| 本书是一本发展经济学、环境学、地理学、房地产投资与开发学和城市规划学等专业学生的必备读物。城市经济学20世纪初从新古典经济学分离出来,发展至今已经成为一门独立的学科。 |
| ● |
| 相关链接 |
|
|
|
|
正题名:全球视角中的城市经济
索取号:F299.1/946=2
 
预约/预借
| 序号 | 登录号 | 条形码 | 馆藏地/架位号 | 状态 | 备注 |
| 1 | 0829011 | 208290115 | 第一样本阅览室/ [索取号:F299.1/946=2] | 在馆 | |
| 2 | 0829012 | 208290124 | 第一借阅区/ [索取号:F299.1/946=2] | 在馆 | |
| 3 | 0829013 | 208290133 | 第一借阅区/ [索取号:F299.1/946=2] | 在馆 | |
| 4 | 0829014 | 208290142 | 第一借阅区/ [索取号:F299.1/946=2] | 在馆 | |
| 5 | 0829015 | 208290151 | 第一借阅区/ [索取号:F299.1/946=2] | 在馆 |